01012cam a22002531 4500001001300000003000400013005001700017008004100034010001700075035001900092040002400111042001200135050002700147051002600174082000800200100004700208245010700255260007000362300002200432440005500454501017700509650005500686999001700741e 49000054 DLC20260227111234.0780207s1949 dcu f000 0 eng  ae 49000054  a(OCoLC)3615491 aDLCcMsHaUdWUdDLC apremarc00aL111b.A6 1949, no. 11 aLB2819b.B48cCopy 2. a3721 aBathurst, Effie G.q(Effie Geneva),d1886-10aOrganization and supervision of elementary education in 100 cities,cby Effie G. Bathurst [and others. aWashington,bFederal Security Agency] Office of Educationc[1949] aix, 84 p.c23 cm. 0a[U.S. Office of Education]vBulletin, 1949, no. 11 aCopies 1 and 2 of L111.A6 with: Petersburg builds a health program / Effie G. Bathurst. Washington : Govt. Print. Off., 1949. Bound together subsequent to publication.5DLC 0aSchool management and organizationzUnited States. c22114d22114